MARC details
| 000 -LEADER |
| fixed length control field |
01462cam a22003611| 4500 |
| 001 - CONTROL NUMBER |
| control field |
10270798 |
| 003 - CONTROL NUMBER IDENTIFIER |
| control field |
OSt |
| 005 - DATE AND TIME OF LATEST TRANSACTION |
| control field |
20230629134711.0 |
| 008 - FIXED-LENGTH DATA ELEMENTS--GENERAL INFORMATION |
| fixed length control field |
870917m19869999enk l eng |
| 010 ## - LIBRARY OF CONGRESS CONTROL NUMBER |
| LC control number |
55056442 |
| Canceled/invalid LC control number |
2015514782 |
| 035 ## - SYSTEM CONTROL NUMBER |
| System control number |
(OCoLC)16703699 |
| 040 ## - CATALOGING SOURCE |
| Original cataloging agency |
DLC |
| Transcribing agency |
LU-L |
| Modifying agency |
LU-L |
| -- |
DLC |
| 043 ## - GEOGRAPHIC AREA CODE |
| Geographic area code |
e-uk--- |
| 050 00 - LIBRARY OF CONGRESS CALL NUMBER |
| Classification number |
KD173 |
| Item number |
.H3 1986 |
| 082 ## - DEWEY DECIMAL CLASSIFICATION NUMBER |
| Classification number |
347 |
| Item number |
HSI |
| 110 1# - MAIN ENTRY--CORPORATE NAME |
| Corporate name or jurisdiction name as entry element |
Great Britain. |
| 240 10 - UNIFORM TITLE |
| Uniform title |
Laws, etc. (Halsbury's statutory instruments : 1986- ) |
| 245 10 - TITLE STATEMENT |
| Title |
Halsbury's statutory instruments, |
| Remainder of title |
being a companion work to Halsbury's statutes of England / |
| Statement of responsibility, etc. |
prepared by by Butterworths legal editorial staff. |
| 260 ## - PUBLICATION, DISTRIBUTION, ETC. (IMPRINT) |
| Place of publication, distribution, etc. |
London : |
| Name of publisher, distributor, etc. |
Butterworths ; |
| Place of publication, distribution, etc. |
St. Paul, Minn. : |
| Name of publisher, distributor, etc. |
Butterworth Legal Publishers, |
| Date of publication, distribution, etc. |
1986- |
| 300 ## - PHYSICAL DESCRIPTION |
| Extent |
v. |
| Dimensions |
26 cm. |
| 500 ## - GENERAL NOTE |
| General note |
"Grey volume." |
| 500 ## - GENERAL NOTE |
| General note |
Set includes Halsbury's statutory instruments citator (2001-) |
| 525 ## - SUPPLEMENT NOTE |
| Supplement note |
Kept up to date by loose-leaf supplements entitled: Halsbury's statutory instruments service; and recompiled vols. |
| 650 #0 - SUBJECT ADDED ENTRY--TOPICAL TERM |
| Topical term or geographic name as entry element |
Delegated legislation |
| Geographic subdivision |
Great Britain. |
| 700 1# - ADDED ENTRY--PERSONAL NAME |
| Personal name |
Halsbury, Hardinge Stanley Giffard, |
| Titles and other words associated with a name |
Earl of, |
| Dates associated with a name |
1823-1921. |
| 710 1# - ADDED ENTRY--CORPORATE NAME |
| Corporate name or jurisdiction name as entry element |
Great Britain. |
| Title of a work |
Laws, etc. (Halsbury's statutes : 4th ed.) |
| 710 2# - ADDED ENTRY--CORPORATE NAME |
| Corporate name or jurisdiction name as entry element |
Butterworths (Firm) |
| 730 0# - ADDED ENTRY--UNIFORM TITLE |
| Uniform title |
Halsbury's statutory instruments service. |
| 730 0# - ADDED ENTRY--UNIFORM TITLE |
| Uniform title |
Halsbury's statutory instruments citator. |
| 906 ## - LOCAL DATA ELEMENT F, LDF (RLIN) |
| a |
7 |
| b |
cbc |
| c |
oclcrpl |
| d |
u |
| e |
ncip |
| f |
19 |
| g |
y-gencatlg |
| 942 ## - ADDED ENTRY ELEMENTS (KOHA) |
| Source of classification or shelving scheme |
Dewey Decimal Classification |
| Koha item type |
Books |